Tự học thực hành thiết kế web với Dreamweaver 2004

Sách gồm 7 chương trình bày các điểm cơ bản về Dreamweaver 2004 và hướng dẫn thực hành một số thao tác ban đầu như khai thác vùng làm việc, tạo và mở các tài liệu. sách được bố cục theo từng đề mục, nội dung trình bày rỏ ràng kèm theo hi...

Disgrifiad llawn

Wedi'i Gadw mewn:
Manylion Llyfryddiaeth
Prif Awdur: Nguyễn, Công Sơn
Fformat: Llyfr
Iaith:Undetermined
Cyhoeddwyd: Thành phố Hồ Chí Minh Tổng hợp Thành phố Hồ Chí Minh 2004
Pynciau:
Tagiau: Ychwanegu Tag
Dim Tagiau, Byddwch y cyntaf i dagio'r cofnod hwn!
Thư viện lưu trữ: Trung tâm Học liệu Trường Đại học Cần Thơ
LEADER 01139nam a2200205Ia 4500
001 CTU_118122
008 210402s9999 xx 000 0 und d
020 |c 49000 
082 |a 005.13 
082 |b S464 
100 |a Nguyễn, Công Sơn 
245 0 |a Tự học thực hành thiết kế web với Dreamweaver 2004 
245 0 |c Nguyễn Công Sơn (chủ biên); Ban biên dịch Hoàn Vũ 
260 |a Thành phố Hồ Chí Minh 
260 |b Tổng hợp Thành phố Hồ Chí Minh 
260 |c 2004 
520 |a Sách gồm 7 chương trình bày các điểm cơ bản về Dreamweaver 2004 và hướng dẫn thực hành một số thao tác ban đầu như khai thác vùng làm việc, tạo và mở các tài liệu. sách được bố cục theo từng đề mục, nội dung trình bày rỏ ràng kèm theo hình ảnh minh họa. 
650 |a Microsoft fronpage (computer programs),World wide web (information retrieval system) 
904 |i Nguyên 
980 |a Trung tâm Học liệu Trường Đại học Cần Thơ